| 000 | 00808nam a2200265 i 4500 | ||
|---|---|---|---|
| 001 | bg | ||
| 100 | 1 | _aTEIXEIRA, Steve | |
| 245 | 1 | 0 |
_aDelphi 4 : _bvademecum profesjonalisty.T. / _cSteve Teixeira, Xavier Pacheco ; [tł., oprac. wersji pol. i weryfikacja Andrzej Grażyński] _n1. |
| 260 |
_aGliwice : _b"Helion", _ccop. 1999. |
||
| 300 |
_a895 s. ; _c24 cm + _eCD ROM. |
||
| 650 | 9 | _aDelphi | |
| 655 | _aPodręczniki | ||
| 700 | 1 | _aPACHECO, Xavier | |
| 020 | _a837197115X (t. 1) | ||
| 020 | _a8371971168 (t. 2) | ||
| 020 | _a8371970803 (całość) | ||
| 040 | _cBPK | ||
| 041 | 1 |
_apl _hen |
|
| 080 | _a004.438(07)Delphi | ||
| 920 | _a83-7197-115-X (t. 1) | ||
| 920 | _a83-7197-116-8 (t. 2) | ||
| 920 | _a83-7197-080-3 (całość) | ||
| 942 | _cKS | ||
| 008 | s pl f |000 0 pol | ||
| 999 |
_c34545 _d34545 |
||
| 856 |
_uhttp://koha.tu.koszalin.pl/cgi-bin/koha/opac-detail.pl?biblionumber=34545 _yKatalog online BPK |
||